000 00694nam a2200229Ia 4500
003 OSt
005 20220923230438.0
006 a|||||r|||| 00| 0
007 ta
008 220922b |||||||| |||| 00| 0 pan d
024 _a282,011
037 _cTextual
040 _aARTS
_cARTS
_bpan
041 _2pan
_apan
082 _aO153,3N24:g, N0
100 _aਕਾਂਗ, ਕੁਲਬੀਰ ਸਿੰਘ, ਥਦ.
245 0 _aਕਹਾਣੀਕਾਰ ਅਜੀਤ ਸੈਣੀ
260 _c1990
650 _aਪੰਜਾਬੀ ਸਾਹਿਤ
942 _hO153,3N24:g, N0
_cTEXL
_2CC
999 _c384848
_d384848